Państwa karaibów - Statystyki

Ogólne statystyki
  • Ten quiz został rozwiązany 63 razy
  • Średni wynik to 10 z 16
Statystyki odpowiedzi
Hint Odpowiedź % Poprawnych
Kraj Dominika
92%
Kraj Jamajka
88%
Kraj Dominikana
87%
Kraj Kuba
85%
Kraj Haiti
81%
Kraj Bahamy
79%
Kraj Barbados
77%
Kraj Saint Vincent i Grenadyny
73%
Kraj Trynidad i Tobago
73%
Kraj Antigua i Barbuda
71%
Kraj Saint Lucia
71%
Kraj Grenada
67%
Kraj Belize
37%
Kraj Saint Kitts and Nevis
25%
Kraj Gujana
15%
Kraj Surinam
12%
Nie znaleziono quizów pasujących do podanych kryteriów
Rozkład punktacji
Procent ludzi z każdym wynikiem
Percentyl według liczby udzielonych odpowiedzi
Twoja historia wyników
Nie rozwiązałeś tego quizu